| 000 | 00799nam a2200169 a 4500 | ||
|---|---|---|---|
| 008 | 220228s2019 ||||||||||||||||| || u | ||
| 050 | _aCBU-PG THESIS/CHI | ||
| 100 | _aChileshe, Fridah | ||
| 245 | 1 | 0 |
_aInvestigating the impact of using rubrics as assessment tools on pupils' academic performance in senior secondary school _cBy Fridah Chileshe |
| 260 |
_aKitwe _bCopperbelt University _c2019 |
||
| 300 | _axi, 111 pages : illustrations | ||
| 650 | _aASSESSMENT TOOLS - MATHEMATICS | ||
| 650 | _aRUBRICS AS ASSESSMENT TOOLS - MATHEMATICS | ||
| 650 | _aACADEMIC PERFORMANCE - MATHEMATICS | ||
| 650 | _aPUPILS' ACADEMIC PERFORMANCE IN SCHOOL - MATHEMATICS | ||
| 995 |
_FCBU-MAIN LIBRARY (Kitwe) _M1 _UAVAILABLE _WNov 1, 2022 _ZUniversity Collection |
||
| 999 |
_c48180 _d48180 |
||